Stranger Things Cast Quiz - Statistics

General Stats
  • This quiz has been taken 155 times
  • The average score is 14 of 28
Answer Stats
Picture Answer % Correct
Millie Bobby Brown
99%
Sadie Sink
95%
Finn Wolfhard
93%
Noah Schnapp
93%
Joe Keery
85%
Winona Ryder
85%
David Harbour
81%
Maya Hawke
78%
Gaten Matarazzo
76%
Natalia Dyer
72%
Caleb McLaughlin
71%
Charlie Heaton
70%
Jamie Campbell Bower
56%
Dacre Montgomery
51%
Joseph Quinn
49%
Priah Ferguson
49%
Cara Buono
38%
Sean Astin
36%
Brett Gelman
30%
Matthew Modine
29%
Paul Reiser
19%
Shannon Purser
17%
Gabriella Pizzolo
16%
Grace Van Dien
16%
Amybeth McNulty
15%
Eduardo Franco
13%
Joe Chrest
12%
Tom Wlaschiha
5%
No matching quizzes found
Score Distribution
Percent of People with Each Score
Percentile by Number Answered
Your Score History
You have not taken this quiz